000 00868cam a2200289 i 4500
001 375341
003 URS
005 20250828100513.0
008 780524s1979 nyua b 001 0 eng
020 _a0070528543
040 _aDLC
_cURS
041 _aeng
050 0 0 _aHD 31
_b.In2 1979
100 _911684
_aRiggs, James L.
245 0 0 _aIndustrial organization and management
250 _aSixth edition
264 _aNew York
_bMcGraw-Hill
_c©1979
300 _aviii, 610 pages :
_billustrations ;
_c24 cm.
336 _2rda content
_atext
337 _2rda media
_aunmediated
338 _2rda carrier
_avolume
500 _aFifth edition1971 entered under Bethel, Lawrence L.
504 _aIncludes Bibliographical references (page [597]-603) and index.
650 0 _aIndustrial organization.
650 0 _aIndustrial management.
942 _2lcc
_cCR
999 _c85027
_d85025